[Event "Chioggia op-C 11th"]
[Site "Chioggia"]
[Date "2016.10.07"]
[Round "1"]
[White "Boscolo Meneguolo, Mattia"]
[Black "Ferlini, Claudio"]
[Result "1-0"]
[WhiteElo "1419"]
[BlackElo "1275"]
[PlyCount "79"]
[EventDate "2016.10.07"]
[EventType "swiss"]
[EventRounds "5"]
[EventCountry "ITA"]
[SourceTitle "EXT 2022"]
[Source "ChessBase"]
[SourceDate "2021.10.06"]
[SourceVersion "1"]
[SourceVersionDate "2021.10.06"]
[SourceQuality "1"]

1. e4 c5 2. Nf3 Nc6 3. Bc4 e6 4. d3 h6 5. Bf4 d6 6. a3 Nge7 7. Nc3 a6 8. 0-0 Ng6 9. Bg3 Be7 10. d4 0-0 11. d5 Na5 12. b3 Nxc4 13. bxc4 Bf6 14. e5 dxe5 15. Ne4 exd5 16. cxd5 b6 17. h3 Bb7 18. c4 Re8 19. Nc3 e4 20. Nxe4 Rxe4 21. Qd3 Re8 22. Rae1 Qd7 23. h4 h5 24. Re2 Rxe2 25. Qxe2 Re8 26. Qd2 Kf8 27. Ng5 Bxg5 28. hxg5 Kg8 29. Re1 h4 30. Bh2 Ne7 31. d6 Qc6 32. f3 Nf5 33. d7 Rxe1+ 34. Kf2 Rf1+ 35. Kxf1 Ng3+ 36. Bxg3 hxg3 37. d8Q+ Kh7 38. Q2d3+ g6 39. Q3d7 Ba8 40. Qxf7# 1-0